[Event "Summer Team Tournament 2020"]
[Site "Skype"]
[Date "????.??.??"]
[Round "4"]
[White "Felippe e Silva, Glenda"]
[Black "De Coninck, Philippe"]
[Result "1-0"]
[WhiteElo "1308"]
[BlackElo "1335"]
[PlyCount "89"]

1. d4 c6 2. Nf3 d5 3. Bf4 Nf6 4. h3 e6 5. e3 Bd6 6. Bxd6 Qxd6 7. c3 c5 8. Bd3
Nc6 9. O-O O-O 10. Nbd2 b6 11. Re1 Bb7 12. a3 Rfe8 13. Rc1 e5 14. Be2 cxd4 15.
exd4 e4 16. Nh4 Bc8 17. Bg4 Bxg4 18. hxg4 Qf4 19. f3 g6 20. Nf1 Re6 21. Qd2
Qxd2 22. Nxd2 Rae8 23. Rf1 e3 24. Nb3 e2 25. Rfe1 Re3 26. Kf2 h5 27. g5 Nh7 28.
f4 f6 29. gxf6 Nxf6 30. Nxg6 Ng4+ 31. Kg1 Kg7 32. Nh4 R8e4 33. Nf5+ Kg6 34.
Nxe3 Rxe3 35. Rc2 Kf5 36. Rcxe2 Kxf4 37. Rxe3 Nxe3 38. Kf2 Ng4+ 39. Kg1 Ne3 40.
Nd2 Ne7 41. Nf3 N7f5 42. Ne5 Nh4 43. Kf2 Nexg2 44. Rg1 Ne3 45. Rg7 1-0

[Event "Summer Team Tournament 2020"]
[Site "Skype"]
[Date "????.??.??"]
[Round "4"]
[White "Bucherie, Volcy"]
[Black "Meza, Rafael"]
[Result "0-1"]
[WhiteElo "1172"]
[BlackElo "1000"]
[PlyCount "102"]

1. d4 Nf6 2. c4 g6 3. g3 Bg7 4. Bg2 d5 5. Nc3 c6 6. cxd5 cxd5 7. e4 Nxe4 8.
Nxe4 dxe4 9. Bxe4 Qxd4 10. Qxd4 Bxd4 11. Ne2 Bg7 12. O-O Nc6 13. Rd1 O-O 14.
Rb1 Bg4 15. f3 Be6 16. b3 Rfd8 17. Rxd8+ Rxd8 18. Bb2 Bd5 19. Bxg7 Bxe4 20.
fxe4 Kxg7 21. Kf2 Rd2 22. Ke3 Rxa2 23. h4 e5 24. Nc3 Rc2 25. Nb5 a5 26. Nd6
Rc3+ 27. Kd2 Rxg3 28. Nxb7 Rh3 29. Nd6 Rxh4 30. Ne8+ Kf8 31. Nf6 Rf4 32. Nxh7+
Kg7 33. Ng5 Nd4 34. Kd3 f6 35. Rg1 fxg5 36. Rxg5 Kf6 37. Rg2 Nxb3 38. Rh2 a4
39. Rh8 a3 40. Rf8+ Kg5 41. Ra8 a2 42. Kc2 a1=Q 43. Rxa1 Nxa1+ 44. Kb2 Kf6 45.
Kxa1 Rf2 46. Kb1 g5 47. Kc1 g4 48. Kd1 g3 49. Ke1 Ke6 50. Kd1 g2 51. Ke1 g1=Q#
0-1

[Event "Summer Team Tournament 2020"]
[Site "Skype"]
[Date "????.??.??"]
[Round "4"]
[White "Rajpurohit, Dinesh"]
[Black "Lopez, Jose Luis"]
[Result "0-1"]
[WhiteElo "1613"]
[BlackElo "1951"]
[PlyCount "46"]

1. d4 Nf6 2. Bf4 d5 3. e3 c5 4. c3 Nc6 5. Nf3 Qb6 6. Qc2 Bg4 7. Ne5 Nxe5 8.
Bxe5 Nd7 9. Bf4 f6 10. h3 Bh5 11. Nd2 e5 12. Bg3 exd4 13. exd4 Qe6+ 14. Ne4
cxd4 15. Bd3 dxe4 16. Bxe4 f5 17. O-O fxe4 18. Rfe1 d3 19. Qa4 Kf7 20. Rxe4 Nc5
21. Rf4+ Kg8 22. Qb5 d2 23. f3 Bd6 0-1

[Event "Summer Team Tournament 2020"]
[Site "Skype"]
[Date "????.??.??"]
[Round "4"]
[White "Cayo, Ana Carolina"]
[Black "Trivedi, Viral"]
[Result "1-0"]
[WhiteElo "1410"]
[BlackElo "1535"]
[PlyCount "85"]

1. d4 e6 2. Nf3 d5 3. Bg5 Nf6 4. e3 c5 5. c3 Be7 6. Nbd2 Nc6 7. Bd3 h6 8. Bh4
Bd7 9. Ne5 c4 10. Bc2 b5 11. Qf3 Nxe5 12. dxe5 Nh7 13. Bxe7 Qxe7 14. a4 a6 15.
e4 Ng5 16. Qg3 Bc6 17. h4 Nxe4 18. Nxe4 dxe4 19. axb5 axb5 20. Rxa8+ Bxa8 21.
Qxg7 Qf8 22. Qxf8+ Kxf8 23. Rh3 Rg8 24. Rg3 Rxg3 25. fxg3 Ke7 26. Ke2 f6 27.
exf6+ Kxf6 28. Ke3 Ke5 29. g4 Bc6 30. g5 hxg5 31. hxg5 Kf5 32. g6 Kxg6 33.
Bxe4+ Bxe4 34. Kxe4 Kf6 35. g4 Kg5 36. Ke5 Kxg4 37. Kxe6 Kf4 38. Kd5 Ke3 39.
Kc5 Kd3 40. Kxb5 Kc2 41. Kxc4 Kxb2 42. Kb4 Kc2 43. c4 1-0

[Event "Summer Team Tournament 2020"]
[Site "Skype"]
[Date "????.??.??"]
[Round "4"]
[White "Llabres, Sergio"]
[Black "Rathi, Himanshi"]
[Result "0-1"]
[WhiteElo "1000"]
[BlackElo "1177"]
[PlyCount "156"]

1. d4 d5 2. Nf3 Bf5 3. e3 e6 4. b3 Nf6 5. Be2 h6 6. Bb2 Bb4+ 7. c3 Bd6 8. h3
Nbd7 9. Nbd2 Ne4 10. O-O c6 11. Rc1 O-O 12. Re1 Qf6 13. Rf1 Rac8 14. Nxe4 Bxe4
15. Bd3 Bxf3 16. Qxf3 Qxf3 17. gxf3 f5 18. Rfe1 Rf6 19. Bf1 Rg6+ 20. Bg2 Rf8
21. Rcd1 Nf6 22. Bc1 Nh7 23. Kh1 Ng5 24. h4 Nh7 25. Rg1 Be7 26. Bh3 Rxg1+ 27.
Rxg1 Bxh4 28. Kg2 Ng5 29. Rh1 Rf6 30. Bxf5 Rxf5 31. f4 Ne4 32. Rxh4 Nxc3 33. a3
b6 34. b4 Nb5 35. Rh1 Rf8 36. Bb2 a6 37. Rc1 Na7 38. Bc3 Kh7 39. Rh1 Rc8 40.
Rd1 Nb5 41. Bb2 Nd6 42. Bc1 Nc4 43. Kf3 Ra8 44. Rd3 Kg6 45. e4 Kf7 46. exd5
exd5 47. Rc3 Re8 48. Rd3 Kf6 49. Kg4 g6 50. f3 Re6 51. Rc3 Re8 52. a4 Re1 53.
Rc2 Rd1 54. Rc3 Rxd4 55. Rb3 Rd1 56. Bb2+ Nxb2 57. Rxb2 Rc1 58. Re2 d4 59. Re8
d3 60. Rd8 Rc3 61. Rd6+ Kf7 62. Rd7+ Ke6 63. Rd8 c5 64. bxc5 bxc5 65. Re8+ Kd7
66. Re3 c4 67. Re4 Kd6 68. Rd4+ Kc5 69. Rd8 Rc2 70. f5 gxf5+ 71. Kxf5 d2 72. f4
c3 73. Kf6 Rc1 74. f5 d1=Q 75. Rxd1 Rxd1 76. Kf7 Rf1 77. f6 Rxf6+ 78. Kxf6 Kb4
0-1

[Event "Summer Team Tournament 2020"]
[Site "Skype"]
[Date "????.??.??"]
[Round "4"]
[White "Bagayatkar, Madan"]
[Black "Couto, Januario"]
[Result "1/2-1/2"]
[WhiteElo "1443"]
[BlackElo "1612"]
[PlyCount "38"]

1. e4 d5 2. exd5 Qxd5 3. Nc3 Qd6 4. d4 Nf6 5. Nf3 c6 6. Be2 Bg4 7. O-O e6 8.
Be3 Be7 9. Qd2 Qb4 10. Rab1 O-O 11. a3 Qa5 12. Ne5 Bxe2 13. Qxe2 Nbd7 14. Bd2
Qd8 15. Rbd1 Nd5 16. Ne4 N7f6 17. c4 Nxe4 18. Qxe4 Nf6 19. Qe3 Nd7 1/2-1/2

[Event "Summer Team Tournament 2020"]
[Site "Skype"]
[Date "????.??.??"]
[Round "4"]
[White "Ortiz, Vladimir"]
[Black "Navghane, Rahul"]
[Result "0-1"]
[WhiteElo "1553"]
[BlackElo "1527"]
[PlyCount "98"]

1. e4 e5 2. Nf3 Nc6 3. Bb5 d6 4. Bxc6+ bxc6 5. d4 exd4 6. Qxd4 c5 7. Qd5 Be6 8.
Qg5 h6 9. Qxd8+ Rxd8 10. O-O Be7 11. Nbd2 Nf6 12. b3 c6 13. c4 d5 14. e5 Nd7
15. Bb2 f6 16. exf6 Bxf6 17. Bxf6 Nxf6 18. Rfe1 Rd6 19. Rac1 O-O 20. cxd5 Rxd5
21. Rxe6 Rfd8 22. Ne4 Rd1+ 23. Ne1 Rxc1 24. Nxf6+ gxf6 25. Kf1 Kf7 26. Re2 c4
27. bxc4 Rxc4 28. g3 Re8 29. Rd2 Rc1 30. Re2 Rxe2 31. Kxe2 Ra1 32. Nd3 Rxa2+
33. Kf1 a5 34. Kg2 Rd2 35. Nc5 Rd5 36. Ne4 f5 37. Nc3 Rb5 38. h4 Rb3 39. Na4
Rb4 40. Nc3 a4 41. Kf1 a3 42. Ke1 Rb3 43. Kd2 Rb2+ 44. Ke3 Rc2 45. Kd3 a2 46.
Kxc2 a1=Q 47. Kd3 Qf1+ 48. Ke3 Qe1+ 49. Kd3 Qxf2 0-1

[Event "Summer Team Tournament 2020"]
[Site "Skype"]
[Date "????.??.??"]
[Round "4"]
[White "Mhabdi, Mahesh"]
[Black "Torres, Vicky"]
[Result "1-0"]
[WhiteElo "1296"]
[BlackElo "1256"]
[PlyCount "23"]

1. e4 e5 2. Nf3 d6 3. Bc4 Nc6 4. d3 Nf6 5. Ng5 d5 6. exd5 Nxd5 7. Qf3 Qd7 8.
Bxd5 f6 9. Bf7+ Kd8 10. Be6 Qd6 11. Nf7+ Ke7 12. Nxd6 1-0

[Event "Summer Team Tournament 2020"]
[Site "Skype"]
[Date "????.??.??"]
[Round "4"]
[White "Zequeda, Javier"]
[Black "Tupe, Jyoti"]
[Result "1-0"]
[WhiteElo "1000"]
[BlackElo "1048"]
[PlyCount "59"]

1. d4 d5 2. e3 Nc6 3. c4 e6 4. Nf3 Nf6 5. Bd3 Bd6 6. O-O O-O 7. Nc3 a6 8. cxd5
exd5 9. e4 dxe4 10. Nxe4 Nxe4 11. Bxe4 Bd7 12. Qc2 g6 13. Bh6 Re8 14. Rae1 Bf8
15. Qd2 Bb4 16. Qc1 Bxe1 17. Rxe1 Qf6 18. Bg5 Qd6 19. Bf4 Qe7 20. d5 Nb4 21. a3
Nc6 22. dxc6 Bg4 23. Bd5 Be6 24. cxb7 Rad8 25. Bg5 Qd6 26. Bxd8 Rxd8 27. Bxe6
fxe6 28. Ng5 e5 29. Qc4+ Kf8 30. Qf7# 1-0

[Event "Summer Team Tournament 2020"]
[Site "Skype"]
[Date "????.??.??"]
[Round "4"]
[White "Khunte, Aniruddha"]
[Black "Altinok, Selim"]
[Result "1/2-1/2"]
[WhiteElo "1652"]
[BlackElo "1884"]
[PlyCount "39"]

1. e4 g6 2. d4 d6 3. c4 Bg7 4. Nc3 Nf6 5. Nf3 O-O 6. Be2 e5 7. dxe5 dxe5 8.
Qxd8 Rxd8 9. O-O Nbd7 10. Bg5 c6 11. Rad1 Re8 12. h3 Nc5 13. Nxe5 Rxe5 14. Rd8+
Ne8 15. Bf4 Kf8 16. Bxe5 Bxe5 17. Bg4 Ne6 18. Bxe6 fxe6 19. f4 Bc7 20. Rd3
1/2-1/2

[Event "Summer Team Tournament 2020"]
[Site "Skype"]
[Date "????.??.??"]
[Round "4"]
[White "Yardimci, Ertan"]
[Black "Ram, Madhukesh"]
[Result "0-1"]
[WhiteElo "1591"]
[BlackElo "1523"]
[PlyCount "126"]

1. d4 Nf6 2. Nf3 d5 3. c4 e6 4. Nc3 Bb4 5. e3 c5 6. Bd3 dxc4 7. Bxc4 Ne4 8. Bd2
Nxd2 9. Qxd2 Nc6 10. O-O O-O 11. a3 Bxc3 12. bxc3 cxd4 13. cxd4 b6 14. Bd3 Bb7
15. Rac1 Rc8 16. Bb1 Qe7 17. Qd3 g6 18. Rc3 Nb8 19. Rfc1 Ba6 20. Qc2 Rxc3 21.
Qxc3 Nd7 22. Bd3 Rc8 23. Qd2 Rxc1+ 24. Qxc1 Bxd3 25. Qc8+ Kg7 26. Qc7 Qxa3 27.
h3 Qa4 28. Ne5 Nxe5 29. Qxe5+ Kf8 30. Qd6+ Ke8 31. Qb8+ Ke7 32. Qc7+ Qd7 33.
Qc3 Be4 34. Qa3+ Ke8 35. Qc3 Bd5 36. f3 a5 37. e4 Bb7 38. Qb2 b5 39. Qa3 Qxd4+
40. Kh2 a4 41. Qc1 b4 42. Qc7 b3 43. Qb8+ Bc8 44. Qxc8+ Ke7 45. Qb7+ Kf8 46.
Qc8+ Kg7 47. Qc1 b2 48. Qb1 Qc3 49. Qa2 Qc1 50. Qxa4 b1=Q 51. Qd4+ Kh6 52. Qd8
Qg1+ 53. Kg3 Qbe1+ 54. Kf4 Qh2+ 55. Kg4 Qxg2+ 56. Kf4 e5+ 57. Kxe5 Qg5+ 58.
Qxg5+ Kxg5 59. f4+ Kh6 60. Kd4 Kg7 61. Ke5 Qe3 62. h4 f6+ 63. Kd5 Qd3+ 0-1

[Event "Summer Team Tournament 2020"]
[Site "Skype"]
[Date "????.??.??"]
[Round "4"]
[White "Mishra, Vikash"]
[Black "Gokcek, Cagri"]
[Result "1-0"]
[WhiteElo "1214"]
[BlackElo "1202"]
[PlyCount "55"]

1. d4 d5 2. c4 e5 3. dxe5 d4 4. Nf3 Nc6 5. a3 f6 6. exf6 Qxf6 7. e3 dxe3 8.
Bxe3 Qxb2 9. Nbd2 Bxa3 10. Be2 Bg4 11. O-O O-O-O 12. Qa4 Bb4 13. Rfb1 Qc3 14.
Ne4 Qxa1 15. Rxa1 a6 16. c5 Nge7 17. h3 Bf5 18. Ng3 Bd3 19. Bxd3 Rxd3 20. Rb1
Nd5 21. Qc2 Rc3 22. Qf5+ Kb8 23. Qxd5 Rd8 24. Qg5 Rcd3 25. Ne5 R3d5 26. Nxc6+
bxc6 27. Rxb4+ Ka7 28. Qg4 1-0

[Event "Summer Team Tournament 2020"]
[Site "Skype"]
[Date "????.??.??"]
[Round "4"]
[White "Cengiz, Ali Ekber"]
[Black "Maalik, Aakash"]
[Result "0-1"]
[WhiteElo "1129"]
[BlackElo "1000"]
[PlyCount "68"]

1. e4 e6 2. d4 d5 3. e5 c5 4. Nf3 Qb6 5. c3 Nc6 6. Be3 Qxb2 7. Nbd2 Qxc3 8. Rc1
Qa5 9. a4 cxd4 10. Nxd4 Nxe5 11. Bb5+ Bd7 12. N4b3 Qd8 13. O-O Bxb5 14. axb5
Nf6 15. Bd4 Bd6 16. Nf3 Nxf3+ 17. Qxf3 Be7 18. Qg3 O-O 19. Be3 Kh8 20. Nd4 Ne4
21. Qg4 Bf6 22. Nb3 Qd7 23. b6 axb6 24. f3 Nd6 25. Rb1 Ra4 26. Qg3 Nf5 27. Qf2
Nxe3 28. Qxe3 Qd6 29. Nd2 Bd4 30. Qxd4 Rxd4 31. Rfd1 Qe5 32. Rxb6 Qe3+ 33. Kf1
Rxd2 34. Re1 Qf2# 0-1

[Event "Summer Team Tournament 2020"]
[Site "Skype"]
[Date "????.??.??"]
[Round "4"]
[White "Diaz, Jose Garcia"]
[Black "Montalvo, Mario"]
[Result "1-0"]
[WhiteElo "1860"]
[BlackElo "1707"]
[PlyCount "57"]

1. d4 Nf6 2. g3 g6 3. Bg2 Bg7 4. e4 d6 5. Ne2 O-O 6. O-O c6 7. c4 e5 8. d5 cxd5
9. cxd5 Na6 10. Nbc3 Bd7 11. h3 Rc8 12. Be3 b6 13. Rc1 Nc5 14. b4 Na6 15. Qb3
Rc7 16. a4 Qc8 17. Kh2 Rc4 18. b5 Nb8 19. Nb1 Rxc1 20. Rxc1 Qb7 21. f4 Nh5 22.
g4 Nxf4 23. Nxf4 exf4 24. Bxf4 f5 25. Bxd6 Rc8 26. Rxc8+ Qxc8 27. gxf5 gxf5 28.
e5 Qc1 29. e6 1-0

-1/2

[Event "Summer Team Tournament 2020"]
[Site "Skype"]
[Date "????.??.??"]
[Round "4"]
[White "Rodriguez, Erick"]
[Black "Rodriguez Gonzalez, Jaime Rafael"]
[Result "1-0"]
[WhiteElo "1000"]
[BlackElo "1473"]
[PlyCount "63"]

1. e4 d5 2. e5 d4 3. Nf3 c5 4. Bc4 a6 5. a4 Nc6 6. e6 Bxe6 7. Bxe6 fxe6 8. O-O
Nf6 9. d3 g6 10. Nbd2 Bh6 11. Re1 Kf7 12. Nb3 Bxc1 13. Qxc1 b6 14. Qh6 Qf8 15.
Qh3 Nd8 16. a5 Nd5 17. axb6 Nxb6 18. Nxc5 Ke8 19. Nxe6 Nxe6 20. Qxe6 Nd7 21.
Qc6 Rd8 22. Rxa6 Kf7 23. Ng5+ Kg8 24. Qd5+ e6 25. Raxe6 Kg7 26. Re7+ Kh6 27.
Nf7+ Kg7 28. Nxd8+ Kh6 29. Nf7+ Kg7 30. Rxd7 Qb4 31. Kf1 Rf8 32. Qe5+ 1-0

[Event "Summer Team Tournament 2020"]
[Site "Skype"]
[Date "????.??.??"]
[Round "4"]
[White "Munoz Gonzalez, Martin"]
[Black "Conde, Carmen"]
[Result "1-0"]
[WhiteElo "1393"]
[BlackElo "1214"]
[PlyCount "61"]

1. d4 d5 2. Nf3 Nc6 3. Nbd2 Bf5 4. e3 Nf6 5. Nh4 Bg4 6. f3 Be6 7. Be2 a6 8. f4
g6 9. c3 Qd6 10. Nhf3 h6 11. Ne5 Nxe5 12. fxe5 Qd7 13. exf6 exf6 14. Nf3 Bg7
15. Qc2 Qe7 16. O-O O-O 17. e4 c6 18. Bf4 Rad8 19. exd5 Rxd5 20. Rae1 Rf5 21.
Nh4 c5 22. Nxf5 Bxf5 23. Bd3 Qd7 24. Bxf5 gxf5 25. dxc5 Rc8 26. Bd6 Kh7 27.
Qxf5+ Qxf5 28. Rxf5 Kg6 29. Rf3 f5 30. Rg3+ Kf6 31. Be5+ 1-0

[Event "Summer Team Tournament 2020"]
[Site "Skype"]
[Date "????.??.??"]
[Round "4"]
[White "Conde, Abigail"]
[Black "Linares Vernet, Ana"]
[Result "0-1"]
[WhiteElo "1196"]
[BlackElo "1175"]
[PlyCount "110"]

1. c4 Nf6 2. d4 g6 3. Nc3 Bg7 4. e4 O-O 5. e5 Ne8 6. Nf3 c6 7. Bf4 Nc7 8. d5
cxd5 9. cxd5 d6 10. Qe2 a6 11. Rd1 Nb5 12. a4 Nxc3 13. bxc3 Bg4 14. g3 Bxf3 15.
Qxf3 Nd7 16. Qe3 Nb6 17. Be2 Nxa4 18. O-O Rc8 19. c4 Nc5 20. Bg4 Rc7 21. e6 f6
22. Qe2 Na4 23. Qc2 Nc5 24. Be3 Qe8 25. f4 Qa4 26. Qb1 Qb3 27. f5 Qxb1 28. Rxb1
Ra8 29. fxg6 hxg6 30. Bd2 Ne4 31. Ba5 Rxc4 32. Rxb7 Bf8 33. Bd2 Nxd2 34. Be2
Nxf1 35. Bxc4 Nd2 36. Bd3 a5 37. Kf2 a4 38. Ke2 Nb3 39. Bc4 Nc5 40. Rc7 a3 41.
Ba2 Na6 42. Rb7 Nc5 43. Rb4 Ra7 44. Rb8 Ne4 45. Rxf8+ Kxf8 46. Kd3 Nf2+ 47. Kc3
g5 48. Kd2 Rb7 49. Ke3 Nd1+ 50. Ke4 Rb2 51. Bc4 Rxh2 52. g4 Kg7 53. Kf3 Nb2 54.
Bb3 Rh3+ 55. Ke2 Rxb3 0-1

[Event "Summer Team Tournament 2020"]
[Site "Skype"]
[Date "????.??.??"]
[Round "4"]
[White "Saponara, Jose Maria"]
[Black "Mayor Martinez, Juan Jose"]
[Result "1-0"]
[WhiteElo "1714"]
[BlackElo "1882"]
[PlyCount "53"]

1. e4 c5 2. Nc3 e6 3. f4 Nc6 4. Nf3 a6 5. a3 Qc7 6. d3 Be7 7. Be2 Nd4 8. O-O d6
9. Be3 Nxf3+ 10. Bxf3 Nf6 11. Kh1 Bd7 12. Qe1 O-O-O 13. b4 Rdg8 14. Bf2 Bc6 15.
Bg3 e5 16. bxc5 exf4 17. Bxf4 g5 18. Bxd6 Bxd6 19. cxd6 Qd7 20. e5 Ne8 21. Bxc6
bxc6 22. Na4 Qa7 23. Qc3 Rg7 24. Qxc6+ Kd8 25. Nc5 Nxd6 26. exd6 f5 27. Ne6#
1-0

[Event "Summer Team Tournament 2020"]
[Site "Skype"]
[Date "????.??.??"]
[Round "4"]
[White "Solis, Manuel"]
[Black "Carballo, Jorge"]
[Result "0-1"]
[WhiteElo "1481"]
[BlackElo "1594"]
[PlyCount "57"]

1. c4 Nf6 2. g3 e6 3. Bg2 d5 4. cxd5 exd5 5. Nf3 Be7 6. O-O O-O 7. Nc3 c6 8. d4
h6 9. Re1 Bf5 10. a3 Nbd7 11. Bf4 Nb6 12. Nd2 Qd7 13. e4 dxe4 14. Ndxe4 Nxe4
15. Nxe4 Bxe4 16. Bxe4 Bd6 17. Bc1 Rfe8 18. Qf3 f5 19. Qb3+ Qf7 20. Qd3 fxe4
21. Qc3 Nd5 22. Qc2 Nf6 23. Bd2 Ng4 24. Be3 Qh5 25. h4 Qf5 26. Qb3+ Qf7 27. Qd1
Rf8 28. Re2 Nxe3 29. Rxe3 0-1

[Event "Summer Team Tournament 2020"]
[Site "Skype"]
[Date "????.??.??"]
[Round "4"]
[White "De Nobrega, George"]
[Black "Luna, Lorenzo"]
[Result "1/2-1/2"]
[WhiteElo "1311"]
[BlackElo "1341"]
[PlyCount "47"]

1. e4 c5 2. Nf3 Nc6 3. d4 cxd4 4. Nxd4 Nf6 5. Nxc6 bxc6 6. Nc3 e6 7. a3 a5 8.
e5 Nd5 9. Nxd5 cxd5 10. Bd3 Qc7 11. Qe2 Qb6 12. O-O Ba6 13. Bxa6 Rxa6 14. Rb1
Ra8 15. Be3 Bc5 16. Bxc5 Qxc5 17. Rfe1 O-O 18. Qe3 Qxc2 19. Rec1 Qa4 20. Rc7
Rfc8 21. Qb6 Rcb8 22. Qd6 Rd8 23. Qe7 Qb5 24. Qc5 1/2-1/2

[Event "Summer Team Tournament 2020"]
[Site "Skype"]
[Date "????.??.??"]
[Round "4"]
[White "Ruiz Aguilera, Juan Jesus"]
[Black "Delgado, Brian"]
[Result "1-0"]
[WhiteElo "1083"]
[BlackElo "1000"]
[PlyCount "83"]

1. e4 c5 2. c4 g6 3. Nf3 Bg7 4. Be2 Nc6 5. O-O d6 6. d3 Be6 7. Be3 Bxb2 8. Nc3
Bxa1 9. Qxa1 Nb4 10. Nb5 a6 11. Qxh8 axb5 12. Qxg8+ Kd7 13. Qxd8+ Kxd8 14. a3
Rxa3 15. cxb5 Nxd3 16. Bxd3 Rxd3 17. Ng5 h5 18. Nxe6+ fxe6 19. h4 d5 20. Bxc5
e5 21. exd5 Rxd5 22. Ba3 Rxb5 23. Rd1+ Ke8 24. Kf1 Rb3 25. Bc5 b5 26. Be3 Rc3
27. Ke2 Rc4 28. Kd3 Rxh4 29. g3 Ra4 30. Rb1 e4+ 31. Kc3 Rc4+ 32. Kb3 Kd7 33.
Rc1 Ra4 34. Rc5 h4 35. gxh4 Ra1 36. Rxb5 Rb1+ 37. Kc4 Rh1 38. Rg5 Rxh4 39. Rxg6
e6 40. Kd4 Ke7 41. Ke5 Kf7 42. Rxe6 1-0

[Event "Summer Team Tournament 2020"]
[Site "Skype"]
[Date "????.??.??"]
[Round "4"]
[White "Melle, Ezio"]
[Black "Rico, Edgar"]
[Result "1-0"]
[WhiteElo "1659"]
[BlackElo "1882"]
[PlyCount "79"]

1. e4 c6 2. Nf3 d5 3. Nc3 dxe4 4. Nxe4 Nf6 5. Ng3 Bg4 6. Be2 e6 7. h3 Bxf3 8.
Bxf3 Nbd7 9. d4 Be7 10. O-O O-O 11. Bf4 Nd5 12. Bd2 Qb6 13. c4 N5f6 14. Bc3
Rfd8 15. Qc2 Rac8 16. Rfd1 Qc7 17. Rac1 Bd6 18. Ne4 Nxe4 19. Bxe4 Nf6 20. Bd3
Bh2+ 21. Kh1 Bf4 22. Rb1 h6 23. Qe2 Qe7 24. a4 Rd7 25. b4 a6 26. b5 axb5 27.
axb5 cxb5 28. Rxb5 Qa3 29. Qc2 Bb8 30. c5 Nd5 31. Rb3 Qa7 32. Ra1 Rcd8 33. Rxa7
Bxa7 34. Ba5 Rc8 35. Qb2 Nf4 36. Be4 Rb8 37. c6 Rxd4 38. Rxb7 Rd1+ 39. Kh2 Ra8
40. Rxa7 1-0

[Event "Summer Team Tournament 2020"]
[Site "Skype"]
[Date "????.??.??"]
[Round "4"]
[White "Castillo, Jesus"]
[Black "Garganese, Paolo"]
[Result "1-0"]
[WhiteElo "1568"]
[BlackElo "1461"]
[PlyCount "81"]

1. e4 c5 2. Nf3 g6 3. Bc4 Bg7 4. Ng5 Nh6 5. O-O O-O 6. f4 d6 7. f5 gxf5 8. Qh5
e6 9. exf5 d5 10. Bd3 f6 11. Nxe6 Bxe6 12. fxe6 f5 13. Bxf5 Nxf5 14. Rxf5 Bd4+
15. Kh1 Rxf5 16. Qxf5 Qf6 17. Qxf6 Bxf6 18. Nc3 Nc6 19. Nxd5 Kg7 20. d3 Nd4 21.
e7 Re8 22. c3 Nc2 23. Bh6+ Kxh6 24. Nxf6 Rxe7 25. Ng8+ Kg7 26. Nxe7 Nxa1 27.
Nf5+ Kf6 28. g4 h5 29. Ne3 Kg5 30. gxh5 Kxh5 31. Kg2 Kg5 32. Kf2 a5 33. Ke2 b5
34. Kd2 Kf4 35. h4 b4 36. Nd5+ Kg4 37. Kc1 b3 38. axb3 Nxb3+ 39. Kc2 a4 40. Nb6
c4 41. Nxc4 1-0

[Event "Summer Team Tournament 2020"]
[Site "Skype"]
[Date "????.??.??"]
[Round "4"]
[White "Ibanez, Bittor"]
[Black "Sanchez, Armando"]
[Result "0-1"]
[WhiteElo "1000"]
[BlackElo "1321"]
[PlyCount "112"]

1. e4 e5 2. Nf3 Nc6 3. Bc4 Be7 4. d4 exd4 5. Nxd4 Ne5 6. Bd3 Nf6 7. Bf4 d6 8.
Bxe5 dxe5 9. Nf5 O-O 10. Nc3 Bb4 11. a3 Bxc3+ 12. bxc3 Bxf5 13. exf5 e4 14.
Bxe4 Qxd1+ 15. Rxd1 Nxe4 16. Rd7 Rfe8 17. O-O Rac8 18. Re1 Nxc3 19. Rxe8+ Rxe8
20. g3 Rc8 21. Kf1 b5 22. Ke1 a5 23. Kd2 Nb1+ 24. Kd3 Nxa3 25. Kc3 b4+ 26. Kb3
Nb1 27. g4 c5 28. Ra7 c4+ 29. Kb2 Nc3 30. Rxa5 h6 31. f6 gxf6 32. h4 Re8 33.
Rf5 Nd1+ 34. Kc1 Re1 35. Rxf6 Nxf2+ 36. Kb2 Nxg4 37. Rb6 c3+ 38. Kb3 Rb1+ 39.
Ka4 Ra1+ 40. Kb3 Ra3+ 41. Kxb4 Ne3 42. Kxa3 Nc4+ 43. Kb3 Nxb6 44. Kxc3 f5 45.
Kd2 Kf7 46. Ke2 Ke6 47. Kf3 Ke5 48. h5 Nd5 49. c4 Nf6 50. c5 Nd5 51. c6 f4 52.
Ke2 Ke4 53. Kf2 f3 54. Kf1 Ke3 55. Ke1 Nc7 56. Kf1 f2 0-1

[Event "Summer Team Tournament 2020"]
[Site "Skype"]
[Date "????.??.??"]
[Round "4"]
[White "Gomez, Jorge"]
[Black "Abate, Luigi"]
[Result "1-0"]
[WhiteElo "1000"]
[BlackElo "1134"]
[PlyCount "51"]

1. b3 d5 2. e3 e5 3. Bb2 Nc6 4. Nf3 d4 5. e4 Nf6 6. Bd3 Bb4 7. a3 Bc5 8. b4 Bb6
9. b5 Na5 10. Nxe5 O-O 11. Qe2 g6 12. h3 Re8 13. Ng4 Nh5 14. a4 Nf4 15. Qf3
Nxd3+ 16. cxd3 Nb3 17. Ra3 Nc5 18. O-O Re7 19. Re1 Qd7 20. Nf6+ Kg7 21. Nxd7
Bxd7 22. Bxd4+ f6 23. Qxf6+ Kh6 24. Qxe7 Re8 25. Qg7+ Kh5 26. Qxh7+ 1-0

[Event "Summer Team Tournament 2020"]
[Site "Skype"]
[Date "????.??.??"]
[Round "4"]
[White "Telles, Rigoberto"]
[Black "Caputi, Giuliano"]
[Result "0-1"]
[WhiteElo "1307"]
[BlackElo "1793"]
[PlyCount "96"]

1. e4 c6 2. d4 d5 3. exd5 cxd5 4. Nf3 Nc6 5. c3 Nf6 6. Bd3 Bg4 7. O-O e6 8. Be3
Bd6 9. Nbd2 O-O 10. Qc2 Rc8 11. Ng5 h6 12. Ngf3 Nb4 13. Qb1 Nxd3 14. Qxd3 Bf5
15. Qe2 Qb6 16. Nh4 Bh7 17. Ndf3 g5 18. Bxg5 hxg5 19. Nxg5 Bf4 20. Ngf3 Qd6 21.
g3 Bh6 22. Ne5 a6 23. Qf3 Qe7 24. g4 Bg5 25. Ng2 Ne4 26. h4 Bxh4 27. Nxh4 Qxh4
28. Rae1 Nd2 29. Qg3 Qxg3+ 30. fxg3 Nxf1 31. Rxf1 Kg7 32. g5 Bf5 33. g4 Be4 34.
Kh2 Rh8+ 35. Kg3 Rc7 36. Nf3 Bxf3 37. Rxf3 Rh1 38. Kf4 Rb1 39. Rf2 Kg6 40. Rh2
Rf1+ 41. Ke5 Kxg5 42. Kd6 Rc6+ 43. Ke7 Kxg4 44. Rh7 Kg5 45. Rxf7 Rc7+ 46. Kxe6
Rfxf7 47. Kxd5 Kf5 48. Kd6 Rfd7# 0-1

[Event "Summer Team Tournament 2020"]
[Site "Skype"]
[Date "????.??.??"]
[Round "4"]
[White "Ramirez Reina, Orlando"]
[Black "Suazo, Olvin"]
[Result "1-0"]
[WhiteElo "1497"]
[BlackElo "1000"]
[PlyCount "43"]

1. e4 e5 2. Nf3 Nc6 3. Bc4 Bc5 4. c3 Nf6 5. d4 exd4 6. cxd4 Bb4+ 7. Nc3 Nxe4 8.
O-O Bxc3 9. d5 Nxf2 10. Qe2+ Kf8 11. bxc3 Ng4 12. dxc6 bxc6 13. Bf4 Qf6 14. Qd2
d5 15. Bb3 Ba6 16. Rfe1 Rd8 17. Bg5 Qd6 18. Bxd8 Qc5+ 19. Kh1 Nf2+ 20. Kg1 Ng4+
21. Qd4 Qd6 22. Be7+ 1-0

[Event "Summer Team Tournament 2020"]
[Site "Skype"]
[Date "????.??.??"]
[Round "4"]
[White "Mora, Carlos Alberto"]
[Black "Crocioni, Luca"]
[Result "1-0"]
[WhiteElo "1000"]
[BlackElo "1332"]
[PlyCount "107"]

1. e4 d5 2. exd5 Qxd5 3. Nc3 Qe6+ 4. Be2 Qg6 5. Bf3 Nc6 6. Nb5 Qe6+ 7. Ne2 Qd7
8. a4 a6 9. Nbc3 Nf6 10. O-O e6 11. b3 Bd6 12. Bb2 Be5 13. d3 Qd6 14. h3 O-O
15. Ba3 Nb4 16. d4 Bh2+ 17. Kh1 Bf4 18. Nxf4 c5 19. dxc5 Qxc5 20. Bxb4 Qxb4 21.
Qd3 Qxf4 22. Rad1 Qc7 23. Rfe1 Rb8 24. Qd6 Qxd6 25. Rxd6 b5 26. a5 Bb7 27. Bxb7
Rxb7 28. Rxa6 Rc8 29. b4 Rbb8 30. Re3 Nd5 31. Nxd5 exd5 32. c3 g6 33. Ra7 Kg7
34. Ree7 Rxc3 35. Rxf7+ Kh6 36. Rxh7+ Kg5 37. h4+ Kg4 38. Rad7 Rc2 39. Rxd5
Rxf2 40. Rg5+ Kf4 41. Rf7+ Ke3 42. Rxf2 Kxf2 43. Rxg6 Rh8 44. g3 Re8 45. Kh2
Re1 46. Rf6+ Ke2 47. Rf5 Kd2 48. Rxb5 Re2+ 49. Kh3 Ke1 50. a6 Re7 51. Rb7 Re3
52. a7 Kf2 53. Rf7+ Kg1 54. a8=Q 1-0

[Event "Summer Team Tournament 2020"]
[Site "Skype"]
[Date "????.??.??"]
[Round "4"]
[White "Tolaro, Filippa"]
[Black "Urda, Carlos Mario"]
[Result "0-1"]
[WhiteElo "1000"]
[BlackElo "1000"]
[PlyCount "124"]

1. Nf3 d5 2. d4 Nf6 3. e3 c6 4. b3 g6 5. Bd3 Bg7 6. Bb2 O-O 7. Nbd2 Qa5 8. O-O
Bg4 9. Be2 Ne4 10. Nxe4 dxe4 11. Ne5 Bxe2 12. Qxe2 Na6 13. Nc4 Qc7 14. a3 Rfe8
15. Nd2 f5 16. f3 exf3 17. Nxf3 Nc5 18. Rad1 Nd7 19. e4 fxe4 20. Qxe4 e5 21. d5
Nc5 22. Qc4 cxd5 23. Qxd5+ Kh8 24. Rde1 Rad8 25. Qc4 Qb6 26. Bc1 Na6+ 27. Be3
Qc7 28. Qe4 Nc5 29. Qc4 Ne6 30. Bg5 Qb6+ 31. Kh1 Nxg5 32. Nxg5 h6 33. Nf7+ Kh7
34. Nxd8 Qxd8 35. Qf7 Re7 36. Qf2 b6 37. h4 h5 38. Qg3 e4 39. Qg5 Qe8 40. Qd5
e3 41. Re2 Rd7 42. Qf3 Bh6 43. g4 hxg4 44. Qxg4 Rd2 45. h5 Rxe2 46. Qxe2 Qe4+
47. Kg1 gxh5 48. Rf7+ Kg6 49. Rxa7 h4 50. Qg2+ Qxg2+ 51. Kxg2 Kf5 52. Rf7+ Kg4
53. Kh2 Bf4+ 54. Kh1 Kf3 55. Rh7 e2 56. Re7 h3 57. c4 Be3 58. Kh2 e1=Q 59. Rf7+
Bf4+ 60. Rxf4+ Kxf4 61. c5 Qg3+ 62. Kh1 Qg2# 0-1